00830nam a2200229Ia 4500003000400000005001700004008004100021040000700062041001200069082001700081100002500098245003100123260003700154365001300191650003900204650002400243906003400267942001200301999001900313952012800332952014000460OSt20251018151837.0210423s1996 xx 000 0 und d cAL aEnglish a361.3 bNAGS aHans Nagpaul9101996 aSocial work in urban India aJaipurbRawat Publicationsc1996 b325cINR aSocial Problems & Services9101997 aSocial Work9101998 aIndia ; Social ; urban ; work 2ddccBK c171845d171845 001040708MSWaSACPGbSACPGd2001-10-16eBook Worldg325.00l0o361.3 NAGSpPG018375r2022-08-24 00:00:00w2021-04-26yBK 001040708MSWaSACPGbSACPGd2001-10-16eBook Worldg325.00l1o361.3 NAGSpPG018376r2023-08-30 00:00:00s2023-08-29w2021-04-26yBK